000 01189nam a2200289 a 4500
001 65242
003 BD-RjUL
005 20211209081412.0
008 170304s1952 p b o001 0 eng d
020 _c: PRs. 2.00
035 _a(BD-RjUL)65372
040 _aBD-RjUL
_cBD-RjUL
_dBD-RjUL
_beng
041 _aeng
082 _223
_a304.609549021
_bMON 1952 (VL)
110 1 _aPakistan.
_boffice of the Provincial Superintendent Census.
_9193011
245 _aCensus of Pakistan, 1951 :
_bVillage list : Montgomery District /
_cPakistan. office of the Provincial Superintendent Census ; M. H. Mahmood , [comp.]
246 _aCensus of Pakistan, 1951 :
_bVillage list : Punjab : Montgomery District.
260 _aKarachi:
_bManager of Publications,
_c[1952]
300 _aii, 122 p. ;
_c24 cm.
490 _aCensus 51 ;
_vNo. 30B (1)
500 _a" chiefly statistical data"
651 _aPakistan
_zWest Pakistan
_zPunjab
_zMontgomery District
_xcensus,1951
_9193208
651 _aPakistan
_zWest Pakistan
_zPunjab
_zMontgomery District
_xPopulation
_vStatistics
_y1951
_9193209
700 _aMahmood, M. H. , [comp.]
_9193014
830 _aCensus 51 ;
_vNo. 30B (1)
_9193210
942 _2ddc
_cRAR
999 _c65242
_d65242